| 000 | 00762cam a2200229 a 4500 | ||
|---|---|---|---|
| 001 | 000012741 | ||
| 005 | 20200929163050.0 | ||
| 008 | 770516s1967 ve 000 0 spa | ||
| 035 | _a(DLC) 67124988 | ||
| 035 | _a(OCoLC)2969506 | ||
| 040 |
_aDO-SdBNP _cFU-L _dDLC _dBNPHU |
||
| 082 |
_a346.0668 _bD153d |
||
| 100 | 1 |
_aDaly Guevara, Jaime R. _929512 |
|
| 245 | 1 | 0 |
_aDerecho cooperativo / _cJaime R. Daly Guevara. |
| 260 |
_aCaracas : _bPublicaciones de la Facultad de Derecho ; _bUniversidad Central de Venezuela, _c1967. |
||
| 300 |
_a426 p. ; _c24 cm. |
||
| 490 | 1 |
_aTesis de doctorado _v7 |
|
| 650 | 4 |
_aCooperativismo _xLegislacion _xVenezuela. _929513 |
|
| 830 | 0 |
_aTesis de doctorado ; _v7 _929514 |
|
| 910 | _aCatalogación por copia / LC | ||
| 049 | _aBNGR | ||
| 999 |
_c12392 _d12392 |
||